La Nova llei d'accidents del treball / per Jaume Valls i Mullet
Descripción Física:
28 p.; 21 cm
MARC
| LEADER | 00000nam a2200000Ia 4500 | ||
|---|---|---|---|
| 001 | 23534 | ||
| 008 | 160829s1933 xx 000 0 cat d | ||
| 080 | |a RF-16-81 | ||
| 100 | |a Valls i Mundet, Jaume |9 48930 | ||
| 245 | |a La Nova llei d'accidents del treball / per Jaume Valls i Mullet | ||
| 260 | |a Barcelona : |b Caixa de Pensions per a la Vellesa i d'Estalvis, |c 1933 | ||
| 300 | |a 28 p.; |c 21 cm | ||
| 490 | |a Publicacions de la Caixa de Pensions per a la Vellesa i d'Estalvis | ||
| 590 | |a A la portada: Conferència donada a Ràdio Barcelona el dia 19 de març de 1933. | ||
| 590 | |a A portada: L'obra social de la República. | ||
| 590 | |a Núm. de full registral: 4668 | ||
| 650 | 0 | |a Treball |x Accidents |x Dret i legislació |9 25144 | |
| 856 | 4 | |u https://media.diba.cat/diba/fitxers/arxiu/fulletons/bib_23534_baixa.pdf |y Accés lliure | |
| 856 | 4 | |u https://media.diba.cat/diba/fitxers/arxiu/fulletons/bib_23534_baixa.pdf |y Accés lliure | |
| 901 | |a Arxiu | ||
| 942 | |n 1 |2 udc | ||
| 952 | |0 0 |1 0 |4 0 |6 RF1681 |7 1 |9 54979 |a Arxiu |b Arxiu |d 2012-08-07 |l 0 |o RF-16-81 |p 23534 |r 2016-12-01 00:00:00 |w 2016-12-01 |y ARXIU | ||
| 999 | |c 58849 |d 58849 | ||
| 900 | |a bib_23534_baixa.pdf | ||